[Event "Snorlax # 8"]
[Site "SchemingMind.com"]
[Date "2008.09.27"]
[Round "-"]
[White "sthorwall"]
[Black "Joe Daudish"]
[Result "0-1"]
[WhiteCountry "USA"]
[BlackCountry "USA"]
[WhiteElo "1704"]
[WhiteRD "58"]
[BlackElo "1759"]
[BlackRD "45"]
[GameID "172920"]

1. g3 d5 2. Bg2 e6 3. Nf3 Nf6 4. O-O Be7 5. d4 c5 6. Bg5 cxd4 7. Nxd4 Bd7 8. Nc3 Nc6 9. Nxc6 Bxc6 10. Qd3 h6
11. Bf4 O-O 12. Be5 Bd6 13. f4 Re8 14. e4 Bxe5 15. fxe5 Nd7 16. exd5 exd5 17. Bxd5 Bxd5 18. Qxd5 Nxe5 19. Rad1 Qxd5 20. Nxd5 Rac8
21. c3 f6 22. h4 Kf7 23. g4 Nxg4 24. Rf4 Ne3 25. Nxe3 Rxe3 26. Rd7+ Re7 27. Rxe7+ Kxe7 28. Re4+ Kf7 29. c4 f5 30. Rd4 Rc7
31. b3 Ke6 32. Rd8 Ke5 33. h5 Kf6 34. Rg8 Rf7 35. c5 Kg5 36. Ra8 a6 37. c6 Kxh5 38. cxb7 Rxb7 39. Rxa6 g6 40. Kg2 Kg5
41. Rd6 Rb4 42. Kf3 h5 43. Rd3 h4 44. a4 Rf4+ 45. Ke2 Kg4 46. Rd1 g5 47. Rh1 Rb4 48. a5 Rxb3 49. Ra1 Rb7 50. a6 Ra7
51. Kf2 h3 52. Kg1 f4 53. Kh2 Kh4 54. Ra4 g4 55. Rxf4 Rxa6 56. Rd4 Ra2+ 57. Kg1 Re2 58. Rb4 Re3 59. Kh1 Kg3 60. Rb1 Kf2
61. Kh2 Re2 62. Rb3 Re3 63. Rb1 Kf3 64. Rf1+ Ke4 65. Rd1 Kf4 66. Rd2 Kf3 67. Rd1 Re2+ 68. Kh1 g3 69. Rf1+ Rf2 70. Rc1 g2+
71. Kh2 Rf1 72. Rc3+ Ke2 73. Rc2+ Kd3 74. Rxg2 hxg2
0-1

[Event "Snorlax # 8"]
[Site "SchemingMind.com"]
[Date "2008.09.28"]
[Round "-"]
[White "Joe Daudish"]
[Black "sthorwall"]
[Result "1/2-1/2"]
[WhiteCountry "USA"]
[BlackCountry "USA"]
[WhiteElo "1759"]
[WhiteRD "45"]
[BlackElo "1704"]
[BlackRD "58"]
[GameID "172921"]

1. d4 d6 2. Nf3 Nf6 3. Bf4 g6 4. h3 Nbd7 5. e3 e5 6. dxe5 dxe5 7. Nxe5 Be7 8. Nxd7 Bxd7 9. Bc4 Be6 10. Qxd8+ Bxd8
11. Bxe6 fxe6 12. Nc3 O-O 13. O-O-O Rf7 14. Rd2 Rd7 15. Rhd1 Rxd2 16. Rxd2 c6 17. g4 Ba5 18. f3 Nd5 19. Rd3 Nxf4 20. exf4 Rd8
21. Rxd8+ Bxd8 22. Ne4 Bh4 23. Kd2 Bg3 24. Ke3 Bh2 25. c4 b6 26. a4 h6 27. b3 Kf7 28. Nc3 Bg1+ 29. Ke4 Kf6 30. Ne2 Bf2
31. Nd4 Bxd4 32. Kxd4 c5+ 33. Ke4 h5 34. g5+ Ke7 35. h4 Kd6 36. Kd3 Kc6=
1/2-1/2

[Event "Snorlax # 8"]
[Site "SchemingMind.com"]
[Date "2008.10.01"]
[Round "-"]
[White "mmccaffe"]
[Black "Joe Daudish"]
[Result "0-1"]
[WhiteCountry "USA"]
[BlackCountry "USA"]
[WhiteElo "1587"]
[WhiteRD "55"]
[BlackElo "1759"]
[BlackRD "45"]
[GameID "173270"]

1. e4 e6 2. d4 d5 3. Nc3 Ne7 4. Bg5 Qd7 5. Nf3 f6 6. Bh4 g5 7. Bg3 h5 8. h3 Bh6 9. Bd3 Nbc6 10. Ne2 b6
11. c3 Bb7 12. Qc2 O-O-O 13. a4 dxe4 14. Bxe4 f5 15. Bxc6 Nxc6 16. b4 f4 17. Bh2 Qh7 18. Qb3 Qe4 19. a5 g4 20. Ne5 Nxe5
21. dxe5 Qxg2 22. Qxe6+ Kb8 23. Rf1 Qxh2 24. hxg4 f3 25. Nd4 hxg4 26. axb6 axb6 27. Nc6+ Bxc6 28. Qxc6 Qxe5+
0-1

[Event "Snorlax # 8"]
[Site "SchemingMind.com"]
[Date "2008.10.01"]
[Round "-"]
[White "mmccaffe"]
[Black "sthorwall"]
[Result "0-1"]
[WhiteCountry "USA"]
[BlackCountry "USA"]
[WhiteElo "1587"]
[WhiteRD "55"]
[BlackElo "1704"]
[BlackRD "58"]
[GameID "173271"]

1. e4 d5 2. Nc3 Nf6 3. e5 d4 4. exf6 dxc3 5. fxg7 cxd2+ 6. Bxd2 Bxg7 7. c3 Nc6 8. Bb5 Qd5 9. Bxc6+ Qxc6 10. Nf3 Rg8
11. Nd4 Bxd4 12. cxd4 Qxg2 13. Ke2 Bg4+
0-1

[Event "Snorlax # 8"]
[Site "SchemingMind.com"]
[Date "2008.10.01"]
[Round "-"]
[White "Joe Daudish"]
[Black "mmccaffe"]
[Result "1-0"]
[WhiteCountry "USA"]
[BlackCountry "USA"]
[WhiteElo "1759"]
[WhiteRD "45"]
[BlackElo "1587"]
[BlackRD "55"]
[GameID "173272"]

1. d4 Nf6 2. Nf3 g6 3. Bf4 Bg7 4. h3 O-O 5. e3 d6 6. Bc4 a6 7. O-O b5 8. Bb3 Nc6 9. c3 Na5 10. Nbd2 Nxb3
11. axb3 Bb7 12. b4 Nd5 13. Bg3 Nb6 14. Re1 Nd7 15. Nb3 e5 16. Na5 Bd5 17. e4 exd4 18. exd5 dxc3 19. Rb1 cxb2 20. Nd4 Qf6
21. Nac6 Nb8 22. Re2 Nxc6 23. Nxc6 Rfe8 24. Rexb2 Qxb2 25. Rxb2 Bxb2 26. Qc2 Be5 27. Nxe5 dxe5 28. Qxc7 Rac8 29. Qb6 Rc4 30. Qxa6 Rxb4
31. Qc6 Rb1+ 32. Kh2 Rd8 33. Bxe5
1-0

[Event "Snorlax # 8"]
[Site "SchemingMind.com"]
[Date "2008.10.01"]
[Round "-"]
[White "sthorwall"]
[Black "mmccaffe"]
[Result "1-0"]
[WhiteCountry "USA"]
[BlackCountry "USA"]
[WhiteElo "1704"]
[WhiteRD "58"]
[BlackElo "1587"]
[BlackRD "55"]
[GameID "173273"]

1. e4 c5 2. d4 cxd4 3. c3 dxc3 4. Nxc3 Nc6 5. Nf3 d6 6. Bc4 e6 7. O-O a6 8. Qe2 Qc7 9. Rd1 Be7 10. Bf4 e5
11. Bg3 Nf6 12. Nd5 Nxd5 13. Bxd5 Be6 14. Bh4 Bxh4 15. Nxh4 Nd4 16. Qd3 Bxd5 17. exd5 Qe7 18. Nf3 Nxf3+ 19. Qxf3 O-O 20. Rac1 Rac8
21. Qe3 Qd7 22. a3 Rxc1 23. Rxc1 Rc8 24. Rxc8+ Qxc8 25. f4 f6 26. a4 Kf7 27. a5 Qc5 28. Qxc5 dxc5 29. Kf2 Ke7 30. Ke3 Kd6
31. Ke4 exf4 32. Kxf4 Kxd5 33. Kf5 Kd6 34. Ke4 g6 35. g4 Ke6 36. Kf4 Kd5 37. h4 h6 38. h5 gxh5 39. gxh5 Ke6 40. Ke4 f5+
41. Kf4 Kd6 42. Kxf5 Ke7 43. Kg6 Kf8 44. Kxh6
1-0

[Event "Snorlax # 8"]
[Site "SchemingMind.com"]
[Date "2008.10.04"]
[Round "-"]
[White "aadaam"]
[Black "Joe Daudish"]
[Result "1/2-1/2"]
[WhiteCountry "INT"]
[BlackCountry "USA"]
[WhiteElo "1761"]
[WhiteRD "48"]
[BlackElo "1759"]
[BlackRD "45"]
[GameID "173519"]

1. e4 e6 2. d4 d5 3. Nd2 Ne7 4. Bd3 Ng6 5. Ne2 Be7 6. O-O c5 7. exd5 Qxd5 8. c4 Qd8 9. Nf3 cxd4 10. Nexd4 Bf6
11. Qa4+ Bd7 12. Qc2 Nc6 13. Nb5 O-O 14. Rd1 Qe7 15. a3 a6 16. Nc3 Nce5 17. Nxe5 Bxe5 18. b4 Rfd8 19. Bb2 Bc6 20. Be4 Qc7
21. g3 Bxc3 22. Qxc3 f6 23. Bxg6 hxg6 24. Qb3 Kf7 25. Re1 Rd7 26. b5 axb5 27. cxb5 Bd5 28. Qb4 Qd6 29. Qxd6 Rxd6 30. a4 Bb3
31. Re4 Rd1+ 32. Rxd1 Bxd1 33. Rd4 Bxa4 34. Rd7+ Kf8 35. Rxb7 Bb3 36. b6 Bd5 37. Rc7 Rb8 38. Bd4 g5 39. Kf1 Rb7 40. Rc8+ Ke7
41. Ke2 Kd7 42. Rc2 g4 43. Ke3 e5 44. Bc5 Ke6 45. Rb2 g6 46. Rb1 g5 47. Ra1=
1/2-1/2

[Event "Snorlax # 8"]
[Site "SchemingMind.com"]
[Date "2008.10.03"]
[Round "-"]
[White "aadaam"]
[Black "mmccaffe"]
[Result "1-0"]
[WhiteCountry "INT"]
[BlackCountry "USA"]
[WhiteElo "1761"]
[WhiteRD "48"]
[BlackElo "1587"]
[BlackRD "55"]
[GameID "173520"]

1. e4 c5 2. Nf3 d6 3. d4 cxd4 4. Nxd4 Nf6 5. Nc3 a6 6. g3 e5 7. Nde2 Be6 8. Bg2 Be7 9. Nd5 Bxd5 10. exd5 Nbd7
11. c4 O-O 12. O-O Qc7 13. b3 Ne8 14. a4 f5 15. f4 e4 16. Nd4 Qb6 17. Bb2 Nc5 18. a5 Qb4 19. Ba3 Qxa5 20. b4 Qc7
21. bxc5 dxc5 22. Ne6 Qd7 23. Nxf8 Bxf8 24. Bb2 Nd6 25. Qb3 Be7 26. Be5 Nf7 27. Rab1
1-0

[Event "Snorlax # 8"]
[Site "SchemingMind.com"]
[Date "2008.10.03"]
[Round "-"]
[White "aadaam"]
[Black "sthorwall"]
[Result "0-1"]
[WhiteCountry "INT"]
[BlackCountry "USA"]
[WhiteElo "1761"]
[WhiteRD "48"]
[BlackElo "1704"]
[BlackRD "58"]
[GameID "173521"]

1. e4 c5 2. Nf3 Nc6 3. d4 cxd4 4. Nxd4 Nf6 5. Nc3 e5 6. Ndb5 d6 7. Bc4 a6 8. Na3 b5 9. Naxb5 axb5 10. Bxb5 Bd7
11. O-O Nb4 12. Bxd7+ Nxd7 13. a3 Nc6 14. b4 Be7 15. Nd5 O-O 16. b5 Na5 17. a4 Nc5 18. Qe2 Re8 19. Be3 Qc8 20. Nb6 Qb7
21. Nxa8 Qxa8 22. Bxc5 dxc5 23. c4 Rd8 24. Rfd1 g6 25. Rd5 Rd6 26. Qd3 Qd8 27. Rxd6 Qxd6 28. Qxd6 Bxd6 29. Rc1 Nb3 30. Rc2 Kf8
31. f3 Ke8 32. Ra2 Na5 33. Rc2 Kd7 34. Kf2 f5 35. Ke3 Kc7 36. Kd3 h5 37. exf5 gxf5 38. g3 Kb6= 39. h3 Nb3 40. Rb2 Nd4
41. Ke3 Be7 42. g4 Bg5+ 43. Kf2 hxg4 44. hxg4 fxg4= 45. fxg4 e4 46. a5+ Kxa5 47. b6 e3+ 48. Kf1 e2+ 49. Rxe2 Nxe2 50. Kxe2 Kxb6
51. Kd3 Ka5
0-1

[Event "Snorlax # 8"]
[Site "SchemingMind.com"]
[Date "2008.10.04"]
[Round "-"]
[White "Joe Daudish"]
[Black "aadaam"]
[Result "1-0"]
[WhiteCountry "USA"]
[BlackCountry "INT"]
[WhiteElo "1759"]
[WhiteRD "45"]
[BlackElo "1761"]
[BlackRD "48"]
[GameID "173522"]

1. d4 e6 2. Nf3 Nf6 3. Bf4 Nd5 4. Bg3 c5 5. e3 cxd4 6. exd4 Qb6 7. Qc1 Nc6 8. c3 Nf6 9. h3 Ne4 10. Bf4 d6
11. Be3 d5 12. Bd3 Bd7 13. Nbd2 f5 14. O-O Bd6 15. Ng5 h6 16. Ngxe4 dxe4 17. Be2 Qc7 18. Nc4 Be7 19. Bh5+ Kd8 20. Bf4 Qc8
21. Ne5 Be8 22. Nxc6+ Bxc6 23. Be5 Bf6 24. f4 Bb5 25. Rd1 Ke7 26. b3 Bd3 27. Qa3+ Kd8 28. c4 Bxe5 29. dxe5 b6 30. Be2 Qd7
31. Bxd3 Qd4+ 32. Kh1 exd3 33. Qd6+ Qxd6 34. exd6 Kd7 35. Rxd3 Rad8 36. Rad1 Rhe8 37. g3 Kc6 38. Kg2 Rd7 39. Kf3 Red8 40. a4 Rxd6
41. Rxd6+ Rxd6 42. Rxd6+ Kxd6 43. b4 a5 44. bxa5 bxa5 45. Ke3 Kc5 46. Kd3 Kb4 47. Kd4 Kxa4 48. Kc3 g5 49. fxg5 hxg5 50. h4 gxh4
51. gxh4 f4 52. h5 f3 53. Kd3 f2 54. Ke2 Kb3 55. h6 a4 56. c5 a3 57. h7 Kb2 58. h8=Q+ Kb1 59. Kxf2 a2 60. c6
1-0

[Event "Snorlax # 8"]
[Site "SchemingMind.com"]
[Date "2008.10.04"]
[Round "-"]
[White "mmccaffe"]
[Black "aadaam"]
[Result "0-1"]
[WhiteCountry "USA"]
[BlackCountry "INT"]
[WhiteElo "1587"]
[WhiteRD "55"]
[BlackElo "1761"]
[BlackRD "48"]
[GameID "173523"]

1. e4 e6 2. d4 d5 3. Nc3 Bb4 4. e5 c5 5. a3 Bxc3+ 6. bxc3 Ne7 7. Nf3 Qc7 8. Bd2 Nbc6 9. h4 Bd7 10. Bd3 c4
11. Bf1 Qa5 12. Rh3 O-O-O 13. Ng5 Rdf8 14. Be2 f6 15. Nf3 fxe5 16. Nxe5 Nxe5 17. dxe5 Ng6 18. Rg3 Nxh4 19. Rxg7 Ng6 20. Bh5 Nxe5
21. f4 Ng6 22. Bxg6 hxg6 23. Kf2 e5 24. Rxg6 exf4 25. Rd6 Qc5+
0-1

[Event "Snorlax # 8"]
[Site "SchemingMind.com"]
[Date "2008.10.03"]
[Round "-"]
[White "sthorwall"]
[Black "aadaam"]
[Result "1/2-1/2"]
[WhiteCountry "USA"]
[BlackCountry "INT"]
[WhiteElo "1704"]
[WhiteRD "58"]
[BlackElo "1761"]
[BlackRD "48"]
[GameID "173524"]

1. c4 e6 2. Nc3 d5 3. d4 Bb4 4. Nf3 Bxc3+ 5. bxc3 Nf6 6. Bg5 h6 7. Bxf6 Qxf6 8. e3 b6 9. c5 bxc5 10. Ne5 c4
11. Be2 O-O 12. O-O c5 13. Rb1 cxd4 14. exd4 Nd7 15. f4 Nxe5 16. fxe5 Qe7 17. Bh5 f5 18. g4 Qg5 19. Rf2 g6 20. Rg2 Qe3+
21. Kh1 gxh5 22. gxf5+ Kh8 23. Qxh5 Rg8 24. Rxg8+ Kxg8 25. Qe8+ Kh7 26. Qf7+=
1/2-1/2

[Event "Snorlax # 8"]
[Site "SchemingMind.com"]
[Date "2008.10.03"]
[Round "-"]
[White "keen"]
[Black "Joe Daudish"]
[Result "1-0"]
[WhiteCountry "SCO"]
[BlackCountry "USA"]
[WhiteElo "1814"]
[WhiteRD "56"]
[BlackElo "1759"]
[BlackRD "45"]
[GameID "173617"]

1. d4 d5 2. e3 e6 3. Bd3 Nf6 4. Nd2 Be7 5. f4 c5 6. c3 Nc6 7. Ngf3 Bd7 8. Ne5 c4 9. Bc2 b5 10. O-O a5
11. g4 h6 12. Qf3 b4 13. g5 Ng8 14. Qh5 Nxe5 15. fxe5 g6 16. Bxg6 Bxg5 17. Bxf7+ Ke7 18. Nf3 Be8 19. Nxg5 hxg5 20. Qxh8 Bxf7
21. e4 Ke8 22. Rxf7 Kxf7 23. Qh5+ Kf8 24. Bxg5 Qe8 25. Rf1+ Kg7 26. Bf6+ Nxf6 27. exf6+ Kf8 28. Qh8+ Kf7 29. Qg7#
1-0

[Event "Snorlax # 8"]
[Site "SchemingMind.com"]
[Date "2008.10.03"]
[Round "-"]
[White "keen"]
[Black "mmccaffe"]
[Result "1/2-1/2"]
[WhiteCountry "SCO"]
[BlackCountry "USA"]
[WhiteElo "1740"]
[WhiteRD "57"]
[BlackElo "1594"]
[BlackRD "56"]
[GameID "173618"]

1. d4 Nf6 2. e3 g6 3. b3 Bg7 4. Bb2 O-O 5. Nf3 d6 6. Nbd2 Nbd7 7. Be2 b6 8. O-O Bb7 9. Rb1 c5 10. dxc5 Nxc5
11. a3 Nce4 12. Ne1 Nxd2 13. Qxd2 Ne4 14. Qc1 Bxb2 15. Rxb2 Qc7 16. c4 Rac8 17. f3 Nc5 18. Nd3 Nxd3 19. Bxd3 d5 20. Rc2 dxc4
21. Bxc4 Qe5 22. Rd1 Qg5 23. e4 Qxc1 24. Rdxc1 Rfd8 25. Kf2 Kf8 26. Ke2 a6 27. Bd3 Rxc2+ 28. Rxc2 Rc8 29. Rxc8+ Bxc8 30. Ke3 e5
31. b4 Ke7 32. g3 g5 33. f4 h6 34. Bc4 f6 35. Bd5 Be6=
1/2-1/2

[Event "Snorlax # 8"]
[Site "SchemingMind.com"]
[Date "2008.10.04"]
[Round "-"]
[White "keen"]
[Black "sthorwall"]
[Result "1-0"]
[WhiteCountry "SCO"]
[BlackCountry "USA"]
[WhiteElo "1814"]
[WhiteRD "56"]
[BlackElo "1704"]
[BlackRD "58"]
[GameID "173619"]

1. d4 Nf6 2. e3 d5 3. Bd3 c5 4. c3 Nc6 5. Nd2 c4 6. Bc2 e6 7. f4 Be7 8. Ngf3 O-O 9. O-O Ng4 10. Qe2 Bd6
11. h3 Nf6 12. Ne5 Ne4 13. Nxe4 dxe4 14. Bxe4 Bxe5 15. fxe5 f5 16. Bxc6 bxc6 17. Qxc4 Qd5 18. Qe2 c5 19. Qh5 Ba6 20. Rf2 g6
21. Qh6 cxd4 22. exd4 Qe4 23. Bg5 Rac8 24. Bf6 Rf7 25. Rf3 Be2 26. Rg3 f4 27. Rg5 Qc2 28. h4 Bd3 29. h5 Rb7 30. hxg6 Bxg6
31. Rf1 Rcb8 32. Rxf4 Qc1+ 33. Rf1 Qc2 34. Rf3 a5 35. Rfg3 Qc1+ 36. Kh2 Kf7 37. Rxg6 Qxh6+ 38. Rxh6 Kf8 39. b3 Re8 40. Rh4 Reb8
41. Rhg4 Ke8 42. Rg8+ Kd7 43. Rxb8 Rxb8 44. Rg7+ Kc6 45. Rxh7 a4 46. b4
1-0

[Event "Snorlax # 8"]
[Site "SchemingMind.com"]
[Date "2008.10.03"]
[Round "-"]
[White "keen"]
[Black "aadaam"]
[Result "1-0"]
[WhiteCountry "SCO"]
[BlackCountry "INT"]
[WhiteElo "1814"]
[WhiteRD "56"]
[BlackElo "1761"]
[BlackRD "48"]
[GameID "173620"]

1. d4 e6 2. e3 d5 3. Bd3 c5 4. c3 Nf6 5. Nd2 Nc6 6. f4 c4 7. Bc2 g6 8. Ngf3 Bg7 9. Ne5 Nxe5 10. fxe5 Nd7
11. O-O b5 12. e4 Bb7 13. Qf3 O-O 14. h4 Qxh4 15. Qf2 Qe7 16. Qg3 Nb6 17. Rf4 a5 18. Nf3 b4 19. Qh3 h5 20. g4 g5
21. Qxh5 gxf4 22. exd5 f5 23. Ng5 Rfd8 24. Qh7+ Kf8 25. Nxe6+
1-0

[Event "Snorlax # 8"]
[Site "SchemingMind.com"]
[Date "2008.10.04"]
[Round "-"]
[White "Joe Daudish"]
[Black "keen"]
[Result "1-0"]
[WhiteCountry "USA"]
[BlackCountry "SCO"]
[WhiteElo "1728"]
[WhiteRD "43"]
[BlackElo "1740"]
[BlackRD "57"]
[GameID "173621"]

1. d4 d5 2. Nf3 Nf6 3. Bf4 e6 4. h3 c5 5. e3 Nc6 6. c3 Be7 7. Be2 O-O 8. Nbd2 Bd7 9. O-O a6 10. Ne5 Nxe5
11. Bxe5 Ne8 12. Bd3 Qb6 13. Qb3 Qa7 14. dxc5 Bxc5 15. Rfe1 b5 16. Nf3 Rc8 17. Ng5 g6 18. Nf3 f6 19. Bd4 Nd6 20. a3 Nc4
21. Bxc5 Qxc5 22. Rad1 Kg7 23. Bxc4 bxc4 24. Qc2 e5 25. Rd2 Be6 26. e4 Rfd8 27. exd5 Bxd5 28. Nh2 Qc6 29. f3 Rd6 30. Ng4 Rcd8
31. Rde2 Be6 32. Nf2 Bf5 33. Qc1 Qc5 34. Kf1 Bd3 35. Nxd3 Rxd3 36. Qc2 Qc6 37. Re3 Rd2 38. Qc1 R8d6 39. R3e2 R2d5 40. Qc2 Qd7
41. Kf2 Qa7+ 42. Kf1 Qd7 43. Qe4 Rd2 44. Qxc4 Rxe2 45. Rxe2 Rd1+ 46. Kf2 Qa7+ 47. Kg3 Qb7 48. b4 h5 49. h4 g5 50. hxg5 fxg5
51. Rxe5 h4+ 52. Kg4 Qd7+ 53. Kxg5 Qd8+ 54. Kg4 Qd7+ 55. Rf5 Kh6 56. Qxa6+ Rd6 57. Qb5 Rg6+ 58. Kxh4 Qd8+ 59. Kh3 Qc8 60. Qd3 Qc7
61. g4 Kg7 62. Qd4+ Kg8 63. Qd5+ Kg7 64. Qe5+
1-0

[Event "Snorlax # 8"]
[Site "SchemingMind.com"]
[Date "2008.10.04"]
[Round "-"]
[White "mmccaffe"]
[Black "keen"]
[Result "0-1"]
[WhiteCountry "USA"]
[BlackCountry "SCO"]
[WhiteElo "1594"]
[WhiteRD "56"]
[BlackElo "1740"]
[BlackRD "57"]
[GameID "173622"]

1. e4 c5 2. Nf3 d6 3. d4 cxd4 4. Nxd4 Nc6 5. Nc3 g6 6. Be3 Bg7 7. f3 Nf6 8. Bc4 O-O 9. Qd2 e6 10. O-O-O d5
11. exd5 exd5 12. Bb3 Na5 13. Nde2 Nxb3+ 14. cxb3 Be6 15. Kb1 a6 16. Nf4 Re8 17. Nfxd5 Nxd5 18. Nxd5 Bxd5 19. Qxd5 Qxd5
0-1

[Event "Snorlax # 8"]
[Site "SchemingMind.com"]
[Date "2008.10.04"]
[Round "-"]
[White "sthorwall"]
[Black "keen"]
[Result "0-1"]
[WhiteCountry "USA"]
[BlackCountry "SCO"]
[WhiteElo "1704"]
[WhiteRD "58"]
[BlackElo "1814"]
[BlackRD "56"]
[GameID "173623"]

1. e4 c5 2. Nc3 d6 3. f4 Nf6 4. Bb5+ Bd7 5. e5 dxe5 6. fxe5 Ng4 7. Nf3 a6 8. Bxd7+ Qxd7 9. O-O Nc6 10. Na4 Qc7
11. Nxc5 Ncxe5 12. d4 Rd8 13. Nxe5 Nxe5 14. Bf4 e6 15. Bxe5 Qxe5 16. dxe5 Bxc5+ 17. Kh1 Rxd1 18. Raxd1 Ke7 19. c3 b5 20. b4 Bb6
21. Rd6 Bc7 22. Rxa6 Bxe5 23. Ra7+ Kd6 24. Rd1+ Kc6 25. Rxf7 Ra8 26. Rd2 Ra3 27. Re7 Bxc3 28. Rxe6+ Kc7 29. Re7+ Kc6 30. Re3 Bxb4
31. Rc2+ Kb6 32. Rxa3 Bxa3 33. h3 Ka5 34. g4 Bd6 35. Rc8 Be5 36. Re8 Bf6 37. Kg2 b4 38. g5 Bc3 39. Kf3 Kb5 40. Rb8+ Kc4
41. Rc8+ Kd3 42. Rd8+ Kc2 43. Kf2 Kb2 44. Kg2 Kxa2 45. g6 hxg6 46. Ra8+ Kb3 47. h4 Kc2 48. Ra2+ Kd3 49. Ra6 Bf6 50. Rb6 Kc4
51. Kf3 b3 52. Ke2 Kc3 53. Kd1 b2 54. Rc6+ Kd3
0-1

[Event "Snorlax # 8"]
[Site "SchemingMind.com"]
[Date "2008.10.04"]
[Round "-"]
[White "aadaam"]
[Black "keen"]
[Result "1-0"]
[WhiteCountry "INT"]
[BlackCountry "SCO"]
[WhiteElo "1761"]
[WhiteRD "48"]
[BlackElo "1814"]
[BlackRD "56"]
[GameID "173624"]

1. e4 b6 2. d4 Bb7 3. Nc3 g6 4. Nf3 Bg7 5. Be2 d6 6. O-O Nf6 7. d5 c6 8. dxc6 Nxc6 9. Re1 O-O 10. h3 Rc8
11. Be3 Na5 12. Bd4 Nxe4 13. Bxg7 Kxg7 14. Nxe4 Bxe4 15. Qd4+
1-0

[Event "Snorlax # 8"]
[Site "SchemingMind.com"]
[Date "2008.10.08"]
[Round "-"]
[White "dkappe"]
[Black "keen"]
[Result "1-0"]
[WhiteCountry "GER"]
[BlackCountry "SCO"]
[WhiteElo "1864"]
[WhiteRD "108"]
[BlackElo "1814"]
[BlackRD "56"]
[GameID "174123"]

1. d4 d5 2. Nf3 Nf6 3. e3 e6 4. Bd3 c5 5. b3 Nc6 6. O-O Be7 7. Bb2 O-O 8. Nbd2 b6 9. Ne5 Nxe5 10. dxe5 Ne8
11. f4 Bb7 12. f5 Bg5 13. fxe6 Bxe3+ 14. Kh1 Qe7 15. Qe2 d4 16. exf7+ Rxf7 17. Bc4 Qc7 18. Rxf7 Qxf7 19. Bxf7+
1-0

[Event "Snorlax # 8"]
[Site "SchemingMind.com"]
[Date "2008.10.08"]
[Round "-"]
[White "dkappe"]
[Black "Joe Daudish"]
[Result "1-0"]
[WhiteCountry "GER"]
[BlackCountry "USA"]
[WhiteElo "1864"]
[WhiteRD "108"]
[BlackElo "1759"]
[BlackRD "45"]
[GameID "174124"]

1. d4 d5 2. Nf3 e6 3. e3 Ne7 4. Bd3 Ng6 5. b3 Be7 6. Bb2 Nd7 7. Nbd2 Nf6 8. O-O c5 9. Ne5 Nxe5 10. dxe5 Nd7
11. f4 a6 12. f5 exf5 13. Bxf5 Nf8 14. Qf3 Bxf5 15. Qxf5 f6 16. exf6 Bxf6 17. Bxf6 gxf6 18. e4 dxe4 19. Nxe4 Qd4+ 20. Kh1 Qe5
21. Nxf6+
1-0

[Event "Snorlax # 8"]
[Site "SchemingMind.com"]
[Date "2008.10.08"]
[Round "-"]
[White "dkappe"]
[Black "mmccaffe"]
[Result "1-0"]
[WhiteCountry "GER"]
[BlackCountry "USA"]
[WhiteElo "1922"]
[WhiteRD "100"]
[BlackElo "1594"]
[BlackRD "56"]
[GameID "174125"]

1. d4 Nf6 2. Nf3 g6 3. Nc3 Bg7 4. e4 d6 5. Be3 O-O 6. Qd2 Bg4 7. Ng5 h6 8. h3 Bc8 9. Nf3 Kh7 10. g4 Nfd7
11. Be2 c5 12. h4 Nc6 13. O-O-O cxd4 14. Nxd4 Nxd4 15. Bxd4 Bxd4 16. Qxd4 Qb6 17. Nd5 Qxd4 18. Rxd4 Nf6 19. Nxf6+ exf6 20. Rxd6 Be6
21. b3 Rfd8 22. Rhd1 Rxd6 23. Rxd6 Rc8 24. f4 f5 25. exf5 gxf5 26. Bd3 Rc5 27. gxf5 Bxf5 28. b4
1-0

[Event "Snorlax # 8"]
[Site "SchemingMind.com"]
[Date "2008.10.08"]
[Round "-"]
[White "dkappe"]
[Black "sthorwall"]
[Result "1-0"]
[WhiteCountry "GER"]
[BlackCountry "USA"]
[WhiteElo "1864"]
[WhiteRD "108"]
[BlackElo "1704"]
[BlackRD "58"]
[GameID "174127"]

1. d4 d5 2. Nf3 Nf6 3. e3 e6 4. Bd3 c5 5. b3 Nc6 6. O-O g6 7. Bb2 b6 8. Nbd2 Bg7 9. c4 O-O 10. Rc1 Ne4
11. Nxe4 dxe4 12. Bxe4 Bb7 13. Qe2 Na5 14. Bxb7 Nxb7 15. Rfd1 Qc7 16. e4 cxd4 17. Bxd4 e5 18. Bb2 Rad8 19. Rxd8 Nxd8 20. Ba3 Re8
21. c5 Nc6 22. b4 Nd4 23. Nxd4 exd4 24. f3 a6 25. Qxa6 Qf4 26. Qd3 Be5 27. g3 Qe3+ 28. Qxe3 dxe3 29. Rc2 bxc5 30. bxc5 Bd4
31. Kf1 Rd8 32. Bb2 Bxb2 33. Rxb2 Rd1+ 34. Ke2 Rc1 35. Kxe3 Rxc5 36. a4 Ra5 37. Ra2 Kf8 38. h4 Ke7 39. g4 f5 40. Kf4 fxe4
41. Kxe4 h6 42. Kd4 Kf7 43. Kc4 Ra8 44. a5 g5 45. hxg5 hxg5 46. Ra3 Rc8+ 47. Kb5 Re8 48. a6 Rb8+ 49. Kc6 Kg7 50. a7 Rc8+
51. Kb7 Rg8 52. a8=Q
1-0

[Event "Snorlax # 8"]
[Site "SchemingMind.com"]
[Date "2008.10.08"]
[Round "-"]
[White "dkappe"]
[Black "aadaam"]
[Result "0-1"]
[WhiteCountry "GER"]
[BlackCountry "INT"]
[WhiteElo "1864"]
[WhiteRD "108"]
[BlackElo "1761"]
[BlackRD "48"]
[GameID "174128"]

1. d4 e6 2. Nf3 Nf6 3. e3 c5 4. Bd3 d5 5. b3 cxd4 6. exd4 Nc6 7. O-O Bd6 8. Bb2 O-O 9. Nbd2 Bd7 10. Ne5 Qc7
11. Nxc6 Bxc6 12. Nf3 Nd7 13. Re1 Rae8 14. Ne5 f6 15. Qh5 f5 16. f4 Nxe5 17. fxe5 Be7 18. Re3 g6 19. Qh6 Rf7 20. Rh3 Bf8
21. Qd2 Qe7 22. c4 g5 23. c5 Rg7 24. b4 Qf7 25. b5 Bd7 26. Rc1 b6 27. c6 Bc8 28. Rf1 h5 29. Rhf3 Rg6 30. h3 g4
31. hxg4 hxg4 32. R3f2 g3 33. Rf3 Qh7
0-1

[Event "Snorlax # 8"]
[Site "SchemingMind.com"]
[Date "2008.10.09"]
[Round "-"]
[White "keen"]
[Black "dkappe"]
[Result "0-1"]
[WhiteCountry "SCO"]
[BlackCountry "GER"]
[WhiteElo "1740"]
[WhiteRD "57"]
[BlackElo "1922"]
[BlackRD "100"]
[GameID "174129"]

1. d4 d6 2. e3 Nf6 3. Bd3 g6 4. Nd2 Bg7 5. Ngf3 O-O 6. O-O Nbd7 7. b3 c6 8. Bb2 Qc7 9. Re1 Re8 10. a3 e5
11. dxe5 dxe5 12. Bf1 e4 13. Nd4 a6 14. Rb1 Ne5 15. Nc4 Nxc4 16. Bxc4 c5 17. Ne2 b5 18. Bd5 Nxd5 19. Qxd5 Bf5 20. Qd1 Bxb2
21. Rxb2 Bg4 22. h3 Rad8 23. Qc1 Bxe2 24. Rxe2 c4 25. Rb1 c3 26. Qe1 Rd5 27. g3 Red8 28. Kg2 Rd2 29. h4 Qc5 30. Ra1 Rxe2
31. Qxe2 Rd2 32. Qe1 Rxc2 33. Rd1 Qf5 34. Rd8+ Kg7 35. Rd6 Qf3+ 36. Kg1 Re2
0-1

[Event "Snorlax # 8"]
[Site "SchemingMind.com"]
[Date "2008.10.08"]
[Round "-"]
[White "Joe Daudish"]
[Black "dkappe"]
[Result "0-1"]
[WhiteCountry "USA"]
[BlackCountry "GER"]
[WhiteElo "1728"]
[WhiteRD "43"]
[BlackElo "1922"]
[BlackRD "100"]
[GameID "174130"]

1. d4 d6 2. Nf3 Bg4 3. Bf4 Bxf3 4. exf3 Nd7 5. Bd3 c6 6. c3 d5 7. O-O Ngf6 8. h3 e6 9. Nd2 Be7 10. Re1 O-O
11. Qc2 Re8 12. Bh2 Nf8 13. f4 Bd6 14. f5 Bxh2+ 15. Kxh2 Qd6+ 16. g3 e5 17. dxe5 Rxe5 18. Nf3 Rxe1 19. Rxe1 Re8 20. Rxe8 Nxe8
21. Kg2 Nf6 22. g4 N8d7 23. Qe2 h6 24. Nd4 a6 25. Qe3 c5 26. Nf3 b5 27. b3 c4 28. Bc2 Qa3 29. bxc4 dxc4 30. g5 hxg5
31. Nxg5 Qc5 32. Qf3 Qd5 33. Ne4 Qe5 34. Nxf6+ Nxf6 35. Qa8+ Kh7 36. Qf3 Nd5 37. f6+ g6 38. a4 Nxc3 39. axb5 axb5 40. h4 Nd5
41. h5 Nf4+ 42. Kf1 Qa1+ 43. Qd1 Qxd1+ 44. Bxd1 gxh5 45. Ke1 Kg6 46. Kd2 h4 47. Bf3 Kxf6 48. Ke3 Ke5 49. Bc6 Nd5+ 50. Bxd5 Kxd5
51. Kf4 c3 52. Kg4 c2 53. Kxh4 c1=Q 54. Kg3 Qg1+ 55. Kf3 Kd4 56. Ke2 Qg2 57. Ke1 Kd3 58. f4 Qe2#
0-1